000 00840cam a22002054a 4500
005 20250605164207.0
008 250528s ||||||||||||||||||||||||d
035 _a20100
020 _a521295971
040 _aGR-AtMCL
_bgre
_dGR-AtMCL
_eAACR2
245 1 _aBritish Economic Policy / 1960-74: Demand Management
250 _a1st
260 _bCambridge University Press,
_c1979
300 _a456
520 _aThis book covers public expenditure, budgetary policy, monetary policy, balance of payments policy and incomes policy. Introduction, Narrative - 1960-74, Public Expenditure, Budgetary Policy, Monetary Policy, Policies Aimed at Improving the Balance of Payments, Incomes Policy, General Appraisal, Selected Bibliography, Index.
700 1 _aBlackaby F.T.
_96147
942 _cBK
999 _c5239
_d5239